Trhové služby a ich hybné sily

Gespeichert in:
Bibliographische Detailangaben
1. Verfasser: Michalová, Valéria
Format: Buchkapitel
Sprache:Slowakisch
Tags: Tag hinzufügen
Keine Tags, Fügen Sie das erste Tag hinzu!

MARC

LEADER 00000nla$a2200000$$$4500
001 0051398
005 20240502071612.0
041 0 |a slo 
044 |a SK 
245 1 0 |a Trhové služby a ich hybné sily  |c Valéria Michalová 
100 1 |a Michalová, Valéria